LEADER 00741nam a2200205 i 4500 001 000000168194 003 CaOOAMICUS 005 20240422150632.0 008 071219s1942 it u000 u ita u 013 $a145596 040 $aSeMil$bita 100 1 $aLisi, Nicola <1893-1975>.$0(OLS)http://semarc/name/40026 245 10$aDiario di un parroco di campagna /$cNicola Lisi. 260 $aFirenze :$bVallecchi,$cstampa 1942. 300 $a247 p. ;$c20 cm. 850 $aSeMil 852 $aSeMil$W1$xVenegono$y1$m1Q V 39$j119283$B119283$CSeMilBibl$Z2$F130138 $81 996 $6245$aDiario di un parroco di campagna$9(OLS)http://semarc/title/240616 996 $6260$aFirenze :$bVallecchi$9(OLS)http://semarc/publisher/29768 LEADER 01012nam a2200241 i 4500 001 000000238451 003 CaOOAMICUS 005 20150130000000.0 008 150130s1989 it u000 u ger u 013 $a217356 020 $a3-518-57930-4 040 $aSeMil$bita 100 1 $aHabermas, Jürgen,$d<1929- >.$0(OLS)http://semarc/name/3650 245 10$aNachmetaphysisches Denken :$bPhilosophische Aufsatze /$cJürgen Habermas. 260 $aFrankfurt am Main :$bSuhrkamp,$c1989. 300 $a285 p. ;$c20 cm. 650 4$aHabermas, Jürgen <1929- > - Pensiero filosofico.$0(OLS)http://semarc/subject/8713 850 $aSeMil 852 $aSeMil$W1$xVenegono$y1$m2P II 828$j188797$B188797$CSeMilBibl$Z2$F199578 $81 961 $aOmaggio: Lorenzi don Ugo 996 $6020$a3-518-57930-4$9(OLS)http://semarc/number/244108 996 $6245$aNachmetaphysisches Denken :$bPhilosophische Aufsatze$9(OLS)http://semarc/title/339826 996 $6260$aFrankfurt am Main :$bSuhrkamp$9(OLS)http://semarc/publisher/30353